000 00440nam a22001697a 4500
003 OSt
008 260511b |||||||| |||| 00| 0 eng d
082 _a633.11
_bV50E
100 _aVerma, Shubhendra Kumar
245 _aEfficiency of Cultural and Chemical Methods of Weed Control in Wheat
260 _aPusa, Samastipur
_bRAU
_c1987
300 _a108P.
502 _bMsc.
_d1987
650 _aAgronomy
650 _aMsc.
942 _2ddc
_cT
999 _c50531
_d50531